Народы Ирана - Statistics

General Stats
  • This quiz has been taken 48 times
  • The average score is 7 of 23
Answer Stats
Answer % Correct
Иранцы/Персы
96%
Арабы
82%
Азербайджанцы
76%
Туркмены
64%
Курды
58%
Евреи
58%
Армяне
58%
Таджики
49%
Пуштуны
40%
Грузины
40%
Белуджи
24%
Ассирийцы
20%
Талыши
18%
Езиды
13%
Луры
9%
Мазендеранцы
7%
Хазарейцы
7%
Черкесы
7%
Гилянцы
4%
Осетины
4%
Чарамайки
0%
Хорасанские Тюрки
0%
Шахсевены
0%
No matching quizzes found
Score Distribution
Percent of People with Each Score
Percentile by Number Answered
Your Score History
You have not taken this quiz